000 01919cam a22005054i 4500
003 PE-LiUPU
005 20250731173536.0
008 150616s r 000 0 d
020 _a0805411690
035 _a(Sirsi) i9780805411690
040 _aPE-LiUPU
_bspa
_cPE-LiUPU
_erda
049 _aPRUA
082 0 4 _b
_221
100 1 _aBraswell, George,
_eautor.
245 1 0 _aIslam: its prophet, peoples, politics and power.
264 1 _aNashville, Tennessee :
_bBroadman & Holman Publishers,
_c1996.
300 _a338 páginas ;
_c23 centímetros
336 _atext
_2rdacontent
337 _aunmediated
_2rdamedia
338 _avolume
_2rdacarrier
504 _aIncluye bibliografía.
505 0 _aUnderstanding Islam.- The prophet Muhammad: the man and his mission.- The expasion of Islam.- Islamic theology.- Islamic devotion.- Etc.
526 _aSEG42
526 _aSEG41
526 _aSEG40
526 _aSEG39
526 _aP94
526 _aP87
526 _aP86
526 _aP85
526 _aP77
526 _aP76
526 _aP35
650 0 4 _aISLAMISMO.
910 _ajck
_bjvq
_cjck
942 _2ddc
_cBOOK
949 _a297.2 B81
_wDEWEY
_c1
_i42437
_lCCODEBUL1
_mBUL
_r0
_sY
_tBOOK
_u2015-4-23
_xTEOLOGIA
_zUNKNOWN
_0COMPRA
_o.STAFF. Colección General
949 _a297.2 B81
_wDEWEY
_c2
_i50400
_lCCODEBUL1
_mBUL
_r0
_sY
_tBOOK
_u2015-6-16
_xTEOLOGIA
_zUNKNOWN
_0COMPRA
_o.STAFF. Colección General
994 _aC0
_bPEPRU
596 _a1
999 _a297.2 B81
_wDEWEY
_c60271
_i42437
_f2021-11-11
_g5
_lCCODEBUL1
_mBUL
_r0
_sY
_tBOOK
_u2015-4-23
_xTEOLOGIA
_zUNKNOWN
_0COMPRA
_o.STAFF. Colección General
_d60271
999 _a297.2 B81
_wDEWEY
_c2
_i50400
_f2021-11-11
_g5
_lCCODEBUL1
_mBUL
_r0
_sY
_tBOOK
_u2015-6-16
_xTEOLOGIA
_zUNKNOWN
_0COMPRA
_o.STAFF. Colección General
980 _81
_gALBERTO SANCHEZ Responsable de Automatización